La libertad según Hannah Arendt
Guardado en:
| Autor principal: | |
|---|---|
| Formato: | Libro |
| Lenguaje: | español |
| Publicado: |
Valencia
Tandem Ediciones
2004
|
| Edición: | 2a. ed |
| Colección: | Filosofía para Profanos, 3
|
| Materias: | |
| Etiquetas: |
Agregar Etiqueta
Sin Etiquetas, Sea el primero en etiquetar este registro!
|
MARC
| LEADER | 00000cam a2200000 a 4500 | ||
|---|---|---|---|
| 001 | UCG9625 | ||
| 003 | CL-VaPUC | ||
| 008 | 120323e20040700SP |||||||||||||||||spa|d | ||
| 020 | |a 8481313548 | ||
| 082 | 0 | 4 | |a 128 |b LAR |2 21 |
| 100 | |a Larrauri, Maite |e author |9 561249 | ||
| 245 | 1 | 3 | |a La libertad según Hannah Arendt |
| 250 | |a 2a. ed | ||
| 300 | |a 105 p | ||
| 942 | |c BK | ||
| 945 | |d 20120323 00:00:00 |a dcastane | ||
| 260 | |a Valencia |b Tandem Ediciones |c 2004 | ||
| 500 | |a Ilustraciones por Max | ||
| 650 | 0 | |a Filosofía contemporánea |9 265372 | |
| 650 | 0 | |a Humanismo |9 256530 | |
| 650 | 0 | |a Libertad |9 255686 | |
| 583 | |a last modification |c 20120323 11:52:00 |k Rodrigo Vera | ||
| 490 | 0 | |a Filosofía para Profanos, 3 | |
| 999 | |c 347171 |d 347169 | ||